| 000 | 04049nam a22004335a 4500 | ||
|---|---|---|---|
| 005 | 20090713065637.0 | ||
| 010 | _aENG-95828 B-440977-992 | ||
| 020 |
_a9788120339972 _c795.00 |
||
| 035 | _aEN-79361 B-440977-992 | ||
| 037 | _bDBAD/PUB | ||
| 037 | _bAllied Pub/Ven | ||
| 082 | _a005.446 | ||
| 100 |
_aMcLean, Ian. _931402 |
||
| 245 |
_aMCTS self-paced training kit (exam 70-680) : _bconfiguring Windows 7 / _cby Ian McLean,[and] Orin Thomas. |
||
| 260 |
_aNew Delhi _bPHI Learning Pri. Ltd. _c2010 |
||
| 300 |
_axxvi,872p.. _b24cm(Hb) _c1CD-Rom |
||
| 610 |
_aMicrosoft Windows (Computer File) _931403 |
||
| 700 |
_aThomas, Orin _931404 |
||
| 942 |
_2ddc _cEN _mLAN _h005.446 |
||
| 999 |
_c33624 _d33624 |
||